| 000 | 00420pam a2200169 a 4500 | ||
|---|---|---|---|
| 020 | _c | ||
| 041 | _h | ||
| 082 |
_a005.758 5 _bSTE/PLE |
||
| 100 | _aSTEPHENS, PLEW. | ||
| 245 |
_aTEACH YOURSELF SQL IN 21 DAYS (SAMS) 3RD ED/ _hTextual Documents |
||
| 250 | _a01-01-2005. | ||
| 260 | _bTECHMEDIA, NEW DELHI | ||
| 300 |
_aXX/754 _c23 X 18 |
||
| 500 | _a9475 | ||
| 653 | _aTHEORY OF COMPUTATION (T.E.) | ||
| 930 | _a9014 | ||
| 999 |
_c52239 _d52239 |
||